书目信息 |
| 题名: |
纵情游遍美利坚
|
|
| 作者: | 黄国平 编著 | |
| 分册: | ||
| 出版信息: | 北京 中国经济出版社 2001.01 |
|
| 页数: | 159页 | |
| 开本: | 19cm | |
| 丛书名: | 环球行丛书 | |
| 单 册: | ||
| 中图分类: | K971.29 | |
| 科图分类: | ||
| 主题词: | 导游--美国 | |
| 电子资源: | ||
| ISBN: | 7-5017-4871-3 | |
| 000 | 00855nam2 2200253 450 | |
| 001 | 0557167906 | |
| 005 | 20050906155040.72 | |
| 010 | @a7-5017-4871-3@dCNY12.00 | |
| 100 | @a20050126d2001 km y0chiy0120 ea | |
| 101 | 0 | @achi |
| 102 | @aCN@b110000 | |
| 105 | @aa z 000yy | |
| 200 | 1 | @a纵情游遍美利坚@Azong qing you bian mei li jian@e美国@f黄国平编著@Fhuang guo ping bian zhu |
| 210 | @a北京@c中国经济出版社@d2001.01 | |
| 215 | @a159页@c彩照@d19cm | |
| 225 | 2 | @a环球行丛书@h第一批 |
| 330 | @a本书介绍了美国的基本概况,包括地理、历史、人口、宗教、语言、气候等,还有美国的旅游城市及景点,以及在美国旅游中的常用知识和行程路线。 | |
| 410 | 0 | @12001 @a环球行丛书 |
| 517 | 1 | @a美国@Amei guo |
| 606 | 0 | @a导游@x美国 |
| 690 | @aK971.29@v4 | |
| 701 | 0 | @a黄国平@Ahuang guo ping@4编著 |
| 801 | 0 | @aCN@bQSSK@c20050906 |
| 905 | @a10447@dK971.29@eH834 | |
| 纵情游遍美利坚:美国/黄国平编著.-北京:中国经济出版社,2001.01 |
| 159页:彩照;19cm.-(环球行丛书.第一批) |
| ISBN 7-5017-4871-3:CNY12.00 |
| 本书介绍了美国的基本概况,包括地理、历史、人口、宗教、语言、气候等,还有美国的旅游城市及景点,以及在美国旅游中的常用知识和行程路线。 |
| ● |
| 相关链接 |
|
|
|
正题名:纵情游遍美利坚
索取号:K971.29/H834
 
预约/预借
| 序号 | 登录号 | 条形码 | 馆藏地/架位号 | 状态 | 备注 |
| 1 | 560210 | 205602105 | 社科库309/309社科库 30排1列3层/ [索取号:K971.29/H834] | 在馆 | |
| 2 | 560211 | 205602114 | 社科库309/309社科库 30排1列1层/ [索取号:K971.29/H834] | 在馆 | |
| 3 | 560212 | 205602123 | 社科库309/309社科库 30排1列1层/ [索取号:K971.29/H834] | 在馆 |